Statistics for Discworld Characters

Click here to take the quiz!

General Stats

  • This quiz has been taken 278 times
  • The average score is 20 of 25

Answer Stats

HintAnswer% Correct
Rides a white horse called Binky and has a soft spot for cats; assumes the identity "Bill Door" for a short timeDeath
96%
Commander of the City Watch; son's favorite book is "Where's My Cow?"Sam Vimes
93%
No-nonsense witch who is able to approach unicorns; versed in the art of "headology"Granny Weatherwax
92%
Ook ook...Librarian
92%
Graduate of the Assassin's School and de facto ruler of Ankh-MorporkHavelock Vetinari
91%
"Wizzard" with a natural talent for languages; unable to cast spells because of one being stuck in his headRincewind
91%
Frequently mistaken for a non-human because of his hideousness; watchman who often patrols with Fred ColonNobby Nobbs
89%
Überwald-born resident of Ankh-Morpork whose community, by tradition, surgically add extra thumbs to their hands; most members of this community go by the same nameIgor
88%
Despite their questionable ingredients, his pies are well loved by the denizens of Ankh-MorporkC.M.O.T. Dibbler
87%
Diminutive, skeletal character who often accompanies Binky's rider and squeaks in small capsDeath of Rats
87%
Made of sapient pearwood; violently protective of its ownerThe Luggage
85%
Werewolf from Überwald; member of the Ankh-Morpork City Watch who always carries a spare change of clothesAngua
81%
Troll who wears a helmet fitted with a cooling mechanism to improve his ability to think; carries a siege crossbow named "Piecemaker"Detritus
81%
Reluctant postmaster of the Ankh-Morpork Post Office; "recruited" into this position by #6Moist von Lipwig
81%
Archchancellor of the Unseen University; possible past romantic partner of #12Mustrum Ridcully
80%
Young witch from the Chalk who befriends the local Nac Mac Feegle clan, inadvertently becoming their "kelda" for a short timeTiffany Aching
80%
Tourist who visits Ankh-Morpork from the Counterweight Continent; "in-sewer-ants" salesman in his home countryTwoflower
79%
Psychopathic assassin who wishes to "inhume" the Hogfather; becomes distressed when people mispronounce his nameMr. Teatime
78%
Sometime companion of Gaspode the Wonder Dog; known for mumbling phrases like "Bugrit!" and "Millenium hand and shrimp!"Foul Ole Ron
73%
Leader of the Silver Horde; acquired a set of diamond dentures made from the teeth of a trollCohen the Barbarian
69%
Smelly, murderous cat with one good eye; lives with one of the Lancre witchesGreebo
66%
Blacksmith, son of one of the Lancre witches and farrier to DeathJason Ogg
65%
Vampire, member of the League of Temperance and photographerOtto Chriek
64%
Second assistant of the above; replaced Lupine Wonse after his deathRufus Drumknott
52%
At first mistaken for a gnome, a Nac Mac Feegle who becomes a watchmanWee Mad Arthur
37%

Score Distribution

Percentile by Number Answered

Percent of People with Each Score

Your Score History

You have not taken this quiz